| 000 | 00430cam a22001457a 4500 | ||
|---|---|---|---|
| 008 | 180718b1973 xxu||||| |||| 00| 0 eng d | ||
| 020 | _a0 416 66950 6 | ||
| 082 | _aJ72x42 R576 | ||
| 100 | _aRobson, Brian T. | ||
| 245 |
_aUrban growth: an approach _cby Brian T. Robsen |
||
| 260 |
_aLondon _bMethuen _c1973 |
||
| 300 | _axiv, 268p | ||
| 650 | _aCities and towns -Growth -Case studies. | ||
| 650 | _aCities and towns -Great Britain | ||
| 999 |
_c410074 _d410074 |
||